Movies Quiz

Random Movies or Disney Quiz

Every Disney/Pixar Villain Quiz Stats

 Plays Quiz Updated Jun 26, 2018

Challenge
Share
Tweet
Embed
Score 0/71 Timer 08:00
4 Plays Today
% Correct
Captain Hook
94%
Cruella de Vil
93%
Queen of Hearts
90.7%
Scar
89%
Ursula
87.5%
Jafar
86.9%
Maleficent
84.1%
Gaston
83.7%
Shere Khan
81.7%
Hades
78.3%
Prince John
72%
Shan Yu
69.6%
Sid Phillips
68.2%
Man
68.1%
Lots-o-Huggin' Bear
66%
Stinky Pete (The Prospector)
65.3%
Yzma
65.1%
Hopper
64%
Syndrome
63.7%
Queen Grimhilde
63.2%
Lady Tremaine
59.8%
Heffalumps and Woozles
59.5%
Hans
56.9%
Governor Ratcliffe
56.9%
Henry J. Waternoose III
54.6%
AUTO
54.2%
Judge Claude Frollo
53.6%
Mother Gothel
53.3%
Stromboli
51.6%
Darla Sherman
49.5%
John Clayton
49.1%
Ringmaster
47.7%
Chef Skinner
46.8%
Charles F. Muntz
46.7%
Professor Ratigan
46.2%
Headless Horseman
43.2%
% Correct
King Candy
42.8%
Te Kā
42.6%
Carnotaurus
42.4%
Madam Mim
40.3%
Edgar Balthazar
37.2%
Dr. Facilier
36.9%
Assistant Mayor Bellwether
36.3%
Ernesto de la Cruz
35.3%
Captain Gantu
34.3%
Aunt Sarah
34.1%
Chick Hicks
33.1%
Madame Medusa
32.3%
Dean Hardscrabble
32.2%
Mor'du
31.4%
Sykes
28.8%
Horned King
28.6%
Jangles the Clown
27.7%
Giant Squid
27.3%
Foxy Loxie
27.2%
Amos Slade
25.7%
Chernabog
24.6%
Miles Axelrod
24.6%
Commander Lyle Tiberius Rourke
23.9%
Denahi
22.8%
Jackson Storm
21.5%
Percival C. McLeach
21.1%
Evelyn Deavor
20%
Yokai
17.2%
John Silver
16.1%
Thunderclap
15.4%
Alameda Slim
15.4%
Firebird
15.3%
Doris
15%
Agent
14.4%
Backson
11.4%

You're not logged in!

Compare scores with friends on all Sporcle quizzes.
OR
Log In

You Might Also Like...

Show Comments

Extras

Top Quizzes Today


Score Distribution

Your Account Isn't Verified!

In order to create a playlist on Sporcle, you need to verify the email address you used during registration. Go to your Sporcle Settings to finish the process.

Report this User

Report this user for behavior that violates our Community Guidelines.

Details: